| 000 | 00662nam a22002177a 4500 | ||
|---|---|---|---|
| 003 | OSt | ||
| 005 | 20151104182226.0 | ||
| 008 | 150212b xxu||||| |||| 00| 0 eng d | ||
| 020 | _a84-7530-424-9 | ||
| 040 | _cBMC | ||
| 082 | _a813.5 | ||
| 100 | 1 |
_931330 _aSusann, Jacqueline _d1918-1974 |
|
| 245 | 1 | 3 |
_aEl valle de las Muñecas _cJacqueline Susann; [traducción, Manuel Herrero Molina] |
| 260 |
_aBarcelona _bGrijalbo _c1983 |
||
| 300 |
_a411 p. _c20 cm |
||
| 490 |
_aBiblioteca Grandes éxitos _v20 |
||
| 595 | _aTraducción de: Valley of the dolls | ||
| 650 | 2 | 4 |
_917595 _aNovela norteamericana |
| 700 | 1 |
_931536 _aHerrero Molina, Manuel |
|
| 942 |
_2ddc _cBK |
||
| 999 |
_c23208 _d23208 |
||